000 00726nam a2200253Ia 4500
001 15678
005 20240113235637.0
007 ta
008 051210s1965 a g b000 u 465 u
040 _aCotton College,Assam
041 _a465
082 _a574
_bM 277 Te
100 _aMaheshwari, P. .
245 0 _aBiology: A Textbook for Secondary Schools /
_cP. Maheshwari and Manohar Lal.
_hTextual Documents
250 _a1st ed. /
260 _aNew Delhi :
_bNational Council of Educational Research and Train ,
_cC1965.
300 _avii,217p. :
_bill ;
_c24cm .
653 _aBiology
653 _aG-Biology
700 _aLal, Manohar .
942 _2ddc
_cBK
999 _c15664
_d15664